| 000 | 00416nam a2200145Ia 4500 | ||
|---|---|---|---|
| 008 | 230312s9999||||xx |||||||||||||| ||und|| | ||
| 020 | _a9781119044833 | ||
| 082 |
_a620.004 _bOMU-M |
||
| 100 | _aAndrews,Shimp | ||
| 245 | 0 | _aAdvertising, promotion, and other aspects of integrated marketing communications | |
| 260 |
_bWiley _aCanada _c2015 |
||
| 300 | _a1046 | ||
| 650 |
_aComputer _vCivil Engineering |
||
| 942 | _cBK | ||
| 999 |
_c17323 _d17323 |
||